Normal view
MARC view
- تاليف الجنيدي، عزام فهمي
Entry Personal Name
001 - CONTROL NUMBER
- control field: 35817
003 - CONTROL NUMBER IDENTIFIER
- control field: JO-AjAnu
005 - DATE AND TIME OF LATEST TRANSACTION
- control field: 20230606080003.0
008 - FIXED-LENGTH DATA ELEMENTS
- fixed length control field: 230606|| aca||aabn | a|a d
040 ## - CATALOGING SOURCE
- Original cataloging agency: JO-AjAnu
- Transcribing agency: JO-AjAnu
100 ## - HEADING--PERSONAL NAME
- Personal name: تاليف الجنيدي، عزام فهمي
670 ## - SOURCE DATA FOUND
- Source citation: Work cat.: (JO-AjAnu)18391: تاليف الجنيدي، عزام فهمي, author, فلسطين عبر التاريخ: حقائق وأرقام